Fehler – ein wichtiger Bestandteil des Fremdsprachenerwerbs
Chyby by mali byť vnímané ako príležitosť na rozvoj študenta cudzieho jazyka. Produktívne poučenie sa z chýb sa začína ich dôslednou analýzou. Analýza, zhodnotenie a zvládnutie chýb sú kontroverzné témy v teórii a praxi výučby cudzích jazykov.
Guardado en:
| Autor principal: | |
|---|---|
| Formato: | Capítulo de libro |
| Lenguaje: | alemán |
| Materias: | |
| Etiquetas: |
Sin Etiquetas, Sea el primero en etiquetar este registro!
|
MARC
| LEADER | 00000naa$a2200000$$$4500 | ||
|---|---|---|---|
| 001 | 0296639 | ||
| 005 | 20240923131536.7 | ||
| 041 | 0 | |a ger | |
| 044 | |a DE | ||
| 245 | 1 | 0 | |a Fehler – ein wichtiger Bestandteil des Fremdsprachenerwerbs |c Zuzana Kočišová |
| 520 | |a Chyby by mali byť vnímané ako príležitosť na rozvoj študenta cudzieho jazyka. Produktívne poučenie sa z chýb sa začína ich dôslednou analýzou. Analýza, zhodnotenie a zvládnutie chýb sú kontroverzné témy v teórii a praxi výučby cudzích jazykov. | ||
| 610 | 2 | 0 | |a jazyky cudzie |
| 610 | 2 | 0 | |a vyučovanie |
| 610 | 2 | 0 | |a motivácia |
| 610 | 2 | 0 | |a didaktika |
| 610 | 2 | 0 | |a komunikácia |
| 100 | 1 | |a Kočišová, Zuzana, 1956- | |